000
00286nam a2200133Ia 4500
008
231129s1985||||xx |||||||||||||| ||spa||
040
_b
spa
082
_a
F841 P466p
100
_a
Perse Saint-John
245
0
_a
Pajaros
260
_c
1985
264
_a
Procultura
942
_2
ddc
_c
BKS
999
_c
22315
_d
22315